| 000 | 05639cam a2200697 i 4500 | ||
|---|---|---|---|
| 001 | in00024353119 | ||
| 003 | DLC | ||
| 005 | 20260428181655.0 | ||
| 006 | a|||||r|||| 00| 0 | ||
| 007 | ta | ||
| 008 | 200707s2020 nyuab re 000 0 eng d | ||
| 010 | _a 2025398884 | ||
| 016 | 7 |
_a019928121 _2UK |
|
| 020 |
_a9781501166952 _qhardcover |
||
| 020 |
_z9781501166969 _qebook |
||
| 035 | _a(OCoLC)1197762213 | ||
| 040 |
_aUKMGB _beng _erda _cUKMGB _dOCLCO _dTOH _dCLE _dOCLCF _dCDX _dBKL _dYDX _dBDX _dDZM _dPZF _dROC _dUKMGB _dNYP _dOCL _dOCLCO _dOCLCQ _dOCLCL _dOCLCQ _dIG# _dOCLCL _dDLC _dDLC-MRC _dDLC |
||
| 041 | _aeng | ||
| 042 | _alccopycat | ||
| 043 |
_an-us-ny _0http://id.loc.gov/vocabulary/geographicAreas/n-us-ny |
||
| 050 | 0 | 0 |
_aF128.3 _b.E56 2020 |
| 082 | 0 | 4 |
_a974.71 _223 |
| 245 | 0 | 4 |
_aThe encyclopedia of New York / _cby the editors of New York ; [Editor-in-Chief, David Haskell ; Publisher]. |
| 250 | _aFirst Avid Reader Press hardcover edition. | ||
| 264 | 1 |
_aNew York : _bAvid Reader Press, an imprint of Simon & Schuster, Inc, _c2020. |
|
| 264 | 4 | _c©2020 | |
| 300 |
_axiv, 350 pages : _billustrations (some color), map ; _c24 cm |
||
| 336 |
_atext _btxt _2rdacontent _0http://id.loc.gov/vocabulary/contentTypes/txt |
||
| 336 |
_astill image _bsti _2rdacontent _0http://id.loc.gov/vocabulary/contentTypes/sti |
||
| 336 |
_acartographic image _bcri _2rdacontent _0http://id.loc.gov/vocabulary/contentTypes/cri |
||
| 337 |
_aunmediated _bn _2rdamedia _0http://id.loc.gov/vocabulary/mediaTypes/n |
||
| 338 |
_avolume _bnc _2rdacarrier _0http://id.loc.gov/vocabulary/carriers/nc |
||
| 340 | _0http://id.loc.gov/vocabulary/millus/ill | ||
| 340 | _0http://id.loc.gov/vocabulary/millus/map | ||
| 520 | _aSince its founding in 1624, New York City has been a place that creates things. What began as a trading post for beaver pelts soon transformed into a hub of technological, social, and cultural innovation--but beyond fostering literal inventions like the elevator (inside Cooper Union in 1853), Q-tips (by Polish immigrant Leo Gerstenzang in 1923), General Tso's chicken (reimagined for American tastes in the 1970s by one of its Hunanese creators), the singles bar (1965 on the Upper East Side), and Scrabble (1931 in Jackson Heights), the city has given birth to or perfected idioms, forms, and ways of thinking that have changed the world, from Abstract Expressionism to Broadway, baseball to hip-hop, news blogs to neoconservatism to the concept of :downtown". Those creations and more are all collected in The Encyclopedia of New York, an A-to-Z compendium of unexpected origin stories, hidden histories, and useful guides to the greatest city in the world, compiled by the editors of New York Magazine (a city invention itself, since 1968) and featuring contributions from Rebecca Traister, Jerry Saltz, Frank Rich, Jonathan Chait, Rhonda Garelick, Kathryn VanArendonk, Christopher Bonanos, and more. Here you will find something fascinating and uniquely New York on every page: a history of the city's skyline, accompanied by a tour guide's list of the best things about every observation deck; the development of positive thinking and punk music; appreciations of seltzer and alternate-side-of-the-street parking; the oddest object to be found at Ripley's Believe It or Not!; musical theater next to muckracking and mugging; and the unbelievable revelation that English muffins were created on ... West Twentieth Street. Whether you are a lifelong resident, a curious newcomer, or an armchair traveler, this is the guidebook you'll need, straight from the people who know New York best | ||
| 650 | 7 |
_aHISTORY _xAmericas (North, Central, South, West Indies) _2bisacsh |
|
| 651 | 0 |
_aNew York (N.Y.) _xHistory _0http://id.loc.gov/authorities/subjects/sh85091418 |
|
| 651 | 0 |
_aNew York (N.Y.) _vMiscellanea |
|
| 651 | 6 |
_aNew York (N.Y.) _xHistoire |
|
| 651 | 7 |
_aNew York (State) _zNew York _2fast _0http://id.worldcat.org/fast/1204333 _0(OCoLC)fst01204333 |
|
| 655 | 7 |
_aInformational works _2fast _0http://id.worldcat.org/fast/1919930 _0(OCoLC)fst01919930 |
|
| 655 | 7 |
_aIllustrated works _2fast _0http://id.worldcat.org/fast/1423873 _0(OCoLC)fst01423873 |
|
| 655 | 7 |
_aEncyclopedias _2fast _0http://id.worldcat.org/fast/1423798 _0(OCoLC)fst01423798 |
|
| 655 | 7 |
_aHistory _2fast _0http://id.worldcat.org/fast/1411628 _0(OCoLC)fst01411628 |
|
| 655 | 7 |
_aTrivia and miscellanea _2fast _0http://id.worldcat.org/fast/1921748 _0(OCoLC)fst01921748 |
|
| 655 | 7 |
_aEncyclopedias _2lcgft _0http://id.loc.gov/authorities/genreForms/gf2014026092 |
|
| 655 | 7 |
_aTrivia and miscellanea _2lcgft _0http://id.loc.gov/authorities/genreForms/gf2014026201 |
|
| 655 | 7 |
_aInformational works _2lcgft _0http://id.loc.gov/authorities/genreForms/gf2014026113 |
|
| 655 | 7 |
_aIllustrated works _2lcgft _0http://id.loc.gov/authorities/genreForms/gf2014026111 |
|
| 655 | 2 | _aEncyclopedia | |
| 655 | 7 |
_aencyclopedias _2aat |
|
| 655 | 7 |
_aillustrated books _2aat |
|
| 700 | 1 |
_aHaskell, David, _d1975- _eeditor. _4http://id.loc.gov/vocabulary/relators/edt _0http://id.loc.gov/authorities/names/no99083125 _1http://id.loc.gov/rwo/agents/no99083125 _948186 |
|
| 758 | _1http://id.loc.gov/resources/instances/in00024353119 | ||
| 758 |
_4http://id.loc.gov/ontologies/bibframe/instanceOf _1http://id.loc.gov/resources/works/in00024353119 |
||
| 884 |
_aDLC bibframe2marc v3.1-dev _g20251211 _qDLC _uhttps://github.com/lcnetdev/bibframe2marc/tree/v3.1-dev |
||
| 906 |
_a7 _bcbc _ccopycat _d2 _encip _f20 _gy-gencatlg |
||
| 942 |
_2lcc _n0 _cBK |
||
| 946 | _illh | ||
| 999 |
_c126945 _d126945 |
||